000 00533nam a2200169 a 4500
001 000007009
005 20240226144733.0
008 090904s1969 dr 000 0 spa d
040 _aDO-SdBNP
_bspa
_cBNPHU
100 1 _aJorge Blanco, Salvador,
_d1926-2010
_930551
245 1 0 _aFormulario de las vías de ejecución /
_cSalvador Jorge Blanco.
260 _aSanto Domingo :
_bEdiciones Capeldon,
_c1969.
300 _a338 p. ;
_c24 cm.
490 1 _aDerecho
500 _aIncluye notas al pie de las páginas
830 0 _aDerecho
_911855
999 _c6793
_d6793